• 首页
  • 本馆介绍
  • 公告通知
  • 最新文献
  • 馆藏检索
  • 电子资源
  • 读者导购
  • 参考咨询
  • 我的图书馆
  • 登录
  • 详细信息显示
  • 放入我的书架
  • 预约/预借图书
  • 作者相关作品
  • 分类相关作品
  • 丛书相关作品
  • 出版社相关作品

书目信息

  • 表格格式
  • 工作单格式
  • 卡片格式
题名:
图解颈肩腰腿病自疗一学就会
    
 
作者: 高海波 , 赵鹏 主编
分册:  
出版信息: 南京   江苏凤凰科学技术出版社  2019.06
页数: 191页
开本: 23cm
丛书名: 含章新实用
单 册:
中图分类: R274.915-64
科图分类:
主题词: 颈肩痛--jing jian tong--中医治疗法--图解 , 腰腿痛--yao tui tong--中医治疗法--图解
电子资源:
ISBN: 978-7-5713-0365-5
000 01268nam 2200301 450
001 CAL 0120192822895
005 20230217093113.0
010    @a978-7-5713-0365-5@dCNY45.00
100    @a20190805d2019 em y0chiy0120 ea
101 0  @achi
102    @aCN@b320000
105    @aa z 000yy
106    @ar
200 1  @a图解颈肩腰腿病自疗一学就会@Atu jie jing jian yao tui bing zi liao yi xue jiu hui@f高海波, 赵鹏主编
210    @a南京@c江苏凤凰科学技术出版社@d2019.06
215    @a191页@c彩图@d23cm
225 2  @a含章新实用@Ahan zhang xin shi yong
314    @a高海波, 工学博士, 中医学博士后。赵鹏, 国家体育总局科研所康复中心研究员。
330    @a本书是关于颈肩腰腿疾病的自诊自疗书, 介绍了颈肩部、腰部和腿部生理结构及常见疾病的防治方法, 包括穴位按摩法、刮痧疗法、拔罐疗法、艾灸疗法、热敷疗法等, 让读者在家中能轻松治疗颈肩腰腿疾病, 达到防病治病的效果。
410  0 @12001 @a含章新实用
517 1  @a颈肩腰腿病自疗一学就会@Ajing jian yao tui bing zi liao yi xue jiu hui
606 0  @a颈肩痛@Ajing jian tong@x中医治疗法@j图解
606 0  @a腰腿痛@Ayao tui tong@x中医治疗法@j图解
690    @aR274.915-64@v5
701  0 @a高海波@Agao hai bo@4主编
701  0 @a赵鹏@Azhao peng@4主编
801  0 @aCN@bBJXHZP@c20230228
905    @b1385839-42@dR274.915-64@e647@f4
    
    图解颈肩腰腿病自疗一学就会/高海波, 赵鹏主编.-南京:江苏凤凰科学技术出版社,2019.06
    191页:彩图;23cm.-(含章新实用)
    
    
    ISBN 978-7-5713-0365-5:CNY45.00
    本书是关于颈肩腰腿疾病的自诊自疗书, 介绍了颈肩部、腰部和腿部生理结构及常见疾病的防治方法, 包括穴位按摩法、刮痧疗法、拔罐疗法、艾灸疗法、热敷疗法等, 让读者在家中能轻松治疗颈肩腰腿疾病, 达到防病治病的效果。
●
相关链接 在E读中查询图书 在五车中查询图书 在当当中查询图书 在豆瓣中查询图书


正题名:图解颈肩腰腿病自疗一学就会     索取号:R274.915-64/647         预约/预借

序号 登录号 条形码 馆藏地/架位号 状态 备注
1 1385839   213858397   第二样本阅览室/ [索取号:R274.915-64/647] 在馆    
2 1385840   213858404   第三借阅区/ [索取号:R274.915-64/647] 在馆    
3 1385841   213858413   第三借阅区/ [索取号:R274.915-64/647] 在馆    
4 1385842   213858422   第三借阅区/ [索取号:R274.915-64/647] 在馆    
唐山师范学院图书馆 欢迎您!
大连网信软件有限公司© 版权所有